Dostupnosť ako nástroj marketingového mixu mesta bakalárska práca

Guardado en:
Detalles Bibliográficos
Autor principal: Mináriková, Ivana
Autor Corporativo: Obchodná fakulta EU. Katedra marketingu
Otros Autores: Drábik, Peter, 1981-
Formato: Libro
Lenguaje:eslovaco
Publicado: Bratislava 2011
Etiquetas: Agregar Etiqueta
Sin Etiquetas, Sea el primero en etiquetar este registro!

MARC

LEADER 00000nbm a2200000 4500
001 0132001
005 20161109111425.2
041 0 |a slo 
044 |a SK 
245 1 0 |a Dostupnosť ako nástroj marketingového mixu mesta  |b bakalárska práca  |c Ivana Mináriková ; školiteľ: Peter Drábik 
264 1 |a Bratislava  |c 2011 
300 |a 54 s. 
100 1 |a Mináriková, Ivana 
700 1 |a Drábik, Peter, 1981- 
710 2 |a Obchodná fakulta EU. Katedra marketingu